000 00328nam a22001457a 4500
008 210526b ||||| |||| 00| 0 eng d
020 _a9780716771616
041 _aeng
080 _22nd
_a330.101.541
082 _a330.101.541
100 _a52
101 _aMAKRO
245 _aMacroeconomic
_cPaul Krugman
942 _2udc
_cBK
999 _c57657
_d57657